000 00611nam a2200217Ia 4500
999 _c41091
_d41091
001 7741
003 GE_BSU
005 20221116112640.0
008 181216s2007en xx |||||||||||||| ||eng||
020 _a9780471725510 x
040 _cGE_BSU
041 _aeng
080 _a624.1/7 P-73
100 _aPlace,Wayne
_914728
245 _aArchitectural Structures /
_cWayne Place.
264 _aCanada :
_bWiley,
_c2007.
300 _a628 p. :
_billustr.
_cCD
_e 28 cm.
653 _aArchitectural Structures
653 _aარქიტექტურული ნაგებობები
942 _cBK
_2udc